SOLUTION-focused brief therapy: a multicultural approach

Saved in:
书目详细资料
格式: 图书
语言:英语
出版: Sage 2004
标签: 添加标签
没有标签, 成为第一个标记此记录!

MARC

LEADER 00000nam a22000007a 4500
008 210122b ||||| |||| 00| 0 eng d
020 |a 978-1-4522-5667-2 
245 |a SOLUTION-focused brief therapy:   |b a multicultural approach  |c Johnny S. Kim  |g  ix, 212p. 
260 |b Sage  |c 2004  |h Los Angeles:  |i 692850   |i 692851  |l RC489 .So4  |m Solution-focused brief therapy – Cross-cultural studies.  |m Cultural psychiatry.  |m Cultural competence. 
500 |a “It includes references and index.” 
942 |a lcc  |c BK  |e Adeniran, F. A  |f 22/01/2021 
952 |0 0  |1 0  |2 lcc  |4 0  |6 RC0489 S O4  |7 0  |9 1593  |a HOL  |b ML  |c QZ  |d 2021-01-22  |l 0  |o RC489 .So4  |p 2021-0381  |r 2021-01-22 00:00:00  |w 2021-01-22  |y BK 
952 |0 0  |1 0  |2 lcc  |4 0  |6 RC0489 S O4  |7 0  |9 1594  |a HOL  |b HOL  |c QZ  |d 2021-01-22  |l 0  |o RC489 .So4  |p 2021-0382  |r 2021-01-22 00:00:00  |w 2021-01-22  |y BK 
999 |c 842  |d 842